000 00555nam a22002057a 4500
003 OSt
005 20160923143523.0
008 160329b xxu||||| |||| 00| 0 eng d
020 _a978-93-5115-220-0
040 _cLIC
082 _22014
_aDC 641.5
_bF739
245 _aFood preparation.
260 _aUAE:
_b3G Elearning FZ LLC,
_cc2014.
300 _avi, 273 pages:
_billustrations;
_c23 cm.
365 _b3,600.00
_cPhp
500 _aIncludes bibliographical references.
650 0 _94448
_aCooking
650 0 _94449
_aFood industry
942 _2ddc
_cDC
999 _c1465
_d1465